Catálogo
 En Linea

Patty Lou : (Registro nro. 18512)

Detalles MARC
000 -CABECERA
campo de control de longitud fija 00780cam a22002291 4500
001 - NÚMERO DE CONTROL
campo de control 000018994
005 - FECHA Y HORA DE LA ÚLTIMA TRANSACCIÓN
campo de control 20200929165910.0
008 - DATOS DE LONGITUD FIJA--INFORMACIÓN GENERAL
campo de control de longitud fija 780726s1945 miu 000 f eng
040 ## - FUENTE DE LA CATALOGACIÓN
Centro catalogador/agencia de origen DO-SdBNP
Centro/agencia transcriptor KMNC
Centro/agencia modificador DLC
-- BNPHU
082 ## - NÚMERO DE LA CLASIFICACIÓN DECIMAL DEWEY
Número de clasificación 813.42
Número de documento/Ítem M647p
100 1# - ENTRADA PRINCIPAL--NOMBRE DE PERSONA
Nombre de persona Miller, Basil,
Fechas asociadas al nombre 1897-1978.
9 (RLIN) 40871
245 10 - MENCIÓN DE TÍTULO
Título Patty Lou :
Resto del título the flying nurse, /
Mención de responsabilidad, etc. Basil Miller.
260 ## - PUBLICACIÓN, DISTRIBUCIÓN, ETC.
Lugar de publicación, distribución, etc. Grand Rapids, Michigan :
Nombre del editor, distribuidor, etc. Zondervan publishing house,
Fecha de publicación, distribución, etc. [1945].
300 ## - DESCRIPCIÓN FÍSICA
Extensión 62 p. ;
Dimensiones 20 cm.
490 1# - MENCIÓN DE SERIE
Mención de serie Patty Lou ;
Designación de volumen o secuencia 2
500 ## - NOTA GENERAL
Nota general Incluye referencia biográfica del autor en la contrasolapa.
650 #4 - PUNTO DE ACCESO ADICIONAL DE MATERIA--TÉRMINO DE MATERIA
Término de materia o nombre geográfico como elemento de entrada Enfermera
Subdivisión de forma FICCIÓN
9 (RLIN) 40872
650 #4 - PUNTO DE ACCESO ADICIONAL DE MATERIA--TÉRMINO DE MATERIA
Término de materia o nombre geográfico como elemento de entrada Novela estadounidense
9 (RLIN) 262
650 #4 - PUNTO DE ACCESO ADICIONAL DE MATERIA--TÉRMINO DE MATERIA
Término de materia o nombre geográfico como elemento de entrada Literatura estadounidense
9 (RLIN) 263
830 #0 - PUNTO DE ACCESO ADICIONAL DE SERIE-TÍTULO UNIFORME
Título uniforme Patty Lou ;
Número de parte o sección de la obra 2
9 (RLIN) 40873
910 ## - DATOS DE OPCIÓN DEL USUARIO (OCLC)
Datos de opción del usuario Catalogación derivada / LC
Existencias
Estado de retiro Estado de pérdida Restricciones de uso No para préstamo Código de colección Localización permanente Ubicación/localización actual Ubicación en estantería Fecha de adquisición Número de inventario Total de préstamos Signatura topográfica completa Código de barras Fecha visto por última vez Precio válido a partir de Tipo de ítem Koha
      Excluido de préstamo Monografías: Libros y Folletos General General En catalogación 21.05.2010 LF1   813.42 M647p 18994-10 25.06.2020 25.06.2020 No se presta

Con tecnología Koha